000 00259nam a22001217a 4500
003 SGT
082 _a617.96
_bK14L
100 _aLANGFORD,ROGER
245 _aKEY CLINICAL TOPICS IN ANAESTHESIA
260 _aLONDON
_bJP
_c2014
300 _a338
942 _2ddc
_cBK
999 _c14229
_d14229